000 00943nam a2200313 i 4500
001 000004076
003 DO-SdBNP
005 20250904085539.0
007 ta
008 111129s19uu sp a 000 0 spa d
020 _a8439978790
040 _aDO-SdBNP
_bspa
_cBNPHU
_erda
041 _asp
082 _axxxx
_bM314m
_222
100 1 _aMarcelo, Nidia
_eautor
_91256
245 1 0 _aMatemática actualizada 5 :
_bquinto curso de enseñanza primaria /
_cNidia Marcelo.
260 _c[19--].
264 _aSanto Domingo :
_bSusaeta,
_c[fecha desconocida]
300 _a207 páginas :
_bilustraciones ;
_c25 cm.
336 _ardacontent
_btexto
_2txt
337 _ardamedia
_bsin mediación
_2n
338 _ardacarrier
_bvolumen
_2nc
490 1 _aEscuela dominicana ;
500 _aIncluye guía de ltexto para el profesor.
590 _aInventariado, 2018/ YL
830 0 _aEscuela dominicana
_912154
910 _aYL
942 _2ddc
_cLBS1
999 _c3894
_d3894